Obras completas /

Guardado en:
Autor Principal: Gödel, Kurt, 1906-1978.
Otros Autores: Mosterín, Jesús. (Autor de introducción, etc., Traductor)
Formato: Libro
Idioma:Spanish
German
English
Publicado: Madrid : Alianza, c1981.
Series:Alianza Universidad
Etiquetas: Agregar Etiqueta
Sin Etiquetas, Sea el primero en etiquetar este registro!
LEADER 00953nam a22002175a 4500
001 MAT.inmabb002681
008 050901s1981####sp#######b####000#0#spa#d
005 20110518164418.0
245 1 0 |a Obras completas /  |c Kurt Gödel ; introducción y traducción de Jesús Mosterín. 
260 |a Madrid :  |b Alianza,  |c c1981. 
300 |a 430 p. ;  |c 20 cm. 
440 0 |a Alianza Universidad 
500 |a Traducción de originales en inglés y alemán. 
500 |a "Reúne la totalidad de los escritos de Gödel publicados hasta ahora, ordenados cronológicamente. Cada uno de ellos está precedido de una introducción [...] que lo sitúa en su contexto más general y a veces lo resume someramente"--Prólogo. 
504 |a Bibliografía: p. 417-430. 
020 |a 8420622869 
100 1 |a Gödel, Kurt,  |d 1906-1978. 
700 1 |a Mosterín, Jesús.  |4 aui  |4 trl 
084 |a 01A75 (03-03)  |2 msc2000 
041 1 |a spa  |h ger  |h eng 
859 |h 01A75  |i G594  |p A-5115  |b BIB. MATEMATICA